História moderna e contemporânea (Record no. 72943)

MARC details
000 -LÍDER
campo de controle de tamanho fixo 00408 a2200169 4500
001 - NÚMERO DE CONTROLE
campo de controle 72943
020 ## - ISBN - INTERNATIONAL STANDARD BOOK NUMBER
ISBN - International Standard Book Number 8508081251
040 ## - FONTE DA CATALOGAÇÃO
Instituição que transcreveu o registro Anchieta - Colégio São Paulo
100 ## - ENTRADA PRINCIPAL--NOME PESSOAL
Nome pessoal Pazzinato, Alceu L.
240 10 - TÍTULO UNIFORME
Título uniforme História moderna e contemporânea
Idioma da obra por
245 10 - TÍTULO
Título História moderna e contemporânea
300 ## - DESCRIÇÃO FÍSICA
Extensão 424
362 0# - DATAS DE PUBLICAÇÃO E/OU DESIGNAÇÃO SEQUENCIAL
Datas de publicação e/ou designação sequencial 2004
440 #1 - DECLARAÇÃO DE SÉRIE/ENTRADA ADICIONADA--TÍTULO
Título Ática
650 #4 - ASSUNTO--TERMO TÓPICO
Cabeçalho tópico ou nome geográfico História do mundo
942 ## - ELEMENTOS DE ENTRADA ADICIONADOS (KOHA)
Tipo de material Koha Livros
Holdings
Situação do descarte Situação das perdas Situação física Não pode ser emprestado Biblioteca de origem Biblioteca atual Data de aquisição Total de empréstimos Código de barras Data de último acesso Data do preço efetivo Tipo de material Koha Número de chamada completo
        Colégio São Paulo Colégio São Paulo 22/11/2023   2828/CSP 22/11/2023 22/11/2023 Livros  
        Colégio São Paulo Colégio São Paulo 22/11/2023   2829/CSP 22/11/2023 22/11/2023 Livros  
        Colégio São Paulo Colégio São Paulo 22/11/2023   2830/CSP 22/11/2023 22/11/2023 Livros  
        Colégio São Paulo Colégio São Paulo 22/11/2023   3544/CSP 22/11/2023 22/11/2023 Livros 909 P348h
        Colégio São Paulo Colégio São Paulo 22/11/2023   3545/CSP 22/11/2023 22/11/2023 Livros 909 P348h
        Colégio São Paulo Colégio São Paulo 22/11/2023   3607/CSP 22/11/2023 22/11/2023 Livros  
        Colégio São Paulo Colégio São Paulo 22/11/2023   8120/CSP 22/11/2023 22/11/2023 Livros 909 P348h
        Colégio São Paulo Colégio São Paulo 22/11/2023   8121/CSP 22/11/2023 22/11/2023 Livros 909 P348h